000 00333 a2200157 4500
001 62841
020 _a9788516094683
040 _cAnchieta - Pituba
100 _aDollore, Cesar Brumini
240 1 0 _aGeografia 7
_lpor
245 1 0 _aGeografia 7
300 _a280
362 0 _a2014
650 4 _aGeografia e viagens
942 _cBK
999 _c62841
_d62841